Geografia per immagini - V - Statistics

Statistiche generali
  • Questo quiz è stato fatto 2.317 volte
  • Il punteggio medio è 9 su 18
Statistiche sulle risposte
con Immagini Hint Risposta % Corretto
paese Venezuela
96%
vulcano Vesuvio
95%
capitale Vienna
86%
paese Città del {Vaticano}
83%
città spagnola Valencia
80%
stato degli USA Virginia
64%
paese Vietnam
63%
paese Vanuatu
58%
città Verona
55%
fiume Volga
52%
capitale Varsavia
45%
regione Valle d'Aosta
39%
lago Vittoria
37%
arcipelago (in rosso) Isole {Vergini}
33%
fiume Vistola
20%
città dell'India Varanasi
18%
stato Veracruz
16%
isola croata Veglia
9%
Nessun quiz corrispondente trovato
Distribuzione punteggi
Percentuale di utenti per punteggio
Percentile per numero di risposta
I tuoi punteggi nel tempo
Non hai fatto questo quiz